000 01053nam0a22002531 4500
001 rc\3015046
005 20250806201140.0
035 _a(NLR Aleph) 007157390
090 _a6173
_c6173
100 _a20110925d1945 u y0rusy50 ca
101 0 _arus
102 _aRU
105 _ay b |||||
200 1 _aКаталог выставки работ художника Ф. Заборовского
_fСаратов. гор. отд. по делам искусств. Саратов. обл. союз сов. художников. Худ. музей им. А.Н. Радищева
210 _aСаратов
_cСаратов. обл. союз сов. художников
_d1945
215 _a12 с.
_d14 см
710 1 0 _aЗаборовский,
_cВыставка работ
_eСаратов
_f1945
_gФранц Эдуардович
801 0 _aRU
_bNLR
_gpsbo
801 1 _aRU
_bELAR
_2rusmarc
852 _aNLR
_jИс30 Г-2/276
942 _cBOOK
945 _aРоссийская национальная библиотека
980 _aNB
980 _aBV